Statistics for name the countries by picture

Click here to take the quiz!

General Stats

  • This quiz has been taken 20 times
  • The average score is 11 of 16

Answer Stats

Answer% Correct
chile
100%
italy
100%
mexico
92%
russia
92%
laos
85%
switzerland
77%
kuwait
69%
pakistan
69%
paraguay
69%
cameroon
62%
niger
62%
nigeria
62%
armenia
54%
belize
54%
lesotho
46%
malta
46%

Score Distribution

Percentile by Number Answered

Percent of People with Each Score

Your Score History

You have not taken this quiz